Special Administrative Regions - Statistics

General Stats
  • This quiz has been taken 17 times
  • The average score is 2 of 8
Answer Stats
Country Region % Correct
China Hong Kong
100%
China Macau
100%
Indonesia Aceh
13%
Indonesia Yogyakarta
7%
North Korea Mount Kumgang
0%
East Timor Oecusse
0%
North Korea Sinuiju
0%
China Wolong
0%
No matching quizzes found
Score Distribution
Percent of People with Each Score
Percentile by Number Answered
Your Score History
You have not taken this quiz